<?xml version="1.0" encoding="UTF-8"?>
<record
    xmlns:xsi="http://www.w3.org/2001/XMLSchema-instance"
    xsi:schemaLocation="http://www.loc.gov/MARC21/slim http://www.loc.gov/standards/marcxml/schema/MARC21slim.xsd"
    xmlns="http://www.loc.gov/MARC21/slim">

  <leader>01676nam2a22002651  4500</leader>
  <controlfield tag="001">RU\NLR\A1SV\6451</controlfield>
  <controlfield tag="005">20251203152403.2</controlfield>
  <datafield tag="035" ind1=" " ind2=" ">
    <subfield code="a">(NLR Aleph) 009691989</subfield>
  </datafield>
  <datafield tag="090" ind1=" " ind2=" ">
    <subfield code="a">13477470</subfield>
    <subfield code="c">13477470</subfield>
  </datafield>
  <datafield tag="100" ind1=" " ind2=" ">
    <subfield code="a">20090612d1924    u  y0rusy50      ca</subfield>
  </datafield>
  <datafield tag="101" ind1="0" ind2=" ">
    <subfield code="a">rus</subfield>
  </datafield>
  <datafield tag="200" ind1="1" ind2=" ">
    <subfield code="a">&#x424;&#x438;&#x437;&#x438;&#x43A;&#x43E;-&#x445;&#x438;&#x43C;&#x438;&#x447;&#x435;&#x441;&#x43A;&#x438;&#x435; &#x43E;&#x441;&#x43D;&#x43E;&#x432;&#x44B; &#x436;&#x438;&#x437;&#x43D;&#x438;</subfield>
  </datafield>
  <datafield tag="210" ind1=" " ind2=" ">
    <subfield code="d">1924</subfield>
  </datafield>
  <datafield tag="215" ind1=" " ind2=" ">
    <subfield code="a">100 &#x441;.</subfield>
    <subfield code="c">&#x438;&#x43B;.</subfield>
  </datafield>
  <datafield tag="327" ind1="1" ind2=" ">
    <subfield code="a">[&#x41E; &#x444;&#x438;&#x437;&#x438;&#x43A;&#x43E;-&#x445;&#x438;&#x43C;&#x438;&#x447;&#x435;&#x441;&#x43A;&#x43E;&#x43C; &#x430;&#x43D;&#x430;&#x43B;&#x438;&#x437;&#x435; &#x438; &#x43E; &#x441;&#x438;&#x43D;&#x442;&#x435;&#x437;&#x435; &#x436;&#x438;&#x437;&#x43D;&#x435;&#x43D;&#x43D;&#x44B;&#x445; &#x44F;&#x432;&#x43B;&#x435;&#x43D;&#x438;&#x439; / &#x41B;.&#x41B;.&#x412;&#x430;&#x441;&#x438;&#x43B;&#x44C;&#x435;&#x432;</subfield>
    <subfield code="a">&#x425;&#x438;&#x43C;&#x438;&#x447;&#x435;&#x441;&#x43A;&#x430;&#x44F; &#x441;&#x432;&#x44F;&#x437;&#x44C; &#x43C;&#x435;&#x436;&#x434;&#x443; &#x447;&#x430;&#x441;&#x442;&#x44F;&#x43C;&#x438; &#x442;&#x435;&#x43B;&#x430; / &#x410;.&#x412;.&#x41D;&#x435;&#x43C;&#x438;&#x43B;&#x43E;&#x432;</subfield>
    <subfield code="a">&#x41E;&#x431;&#x449;&#x435;&#x441;&#x442;&#x432;&#x435;&#x43D;&#x43D;&#x43E;&#x441;&#x442;&#x44C; &#x43D;&#x430; &#x43E;&#x441;&#x43D;&#x43E;&#x432;&#x435; &#x444;&#x438;&#x437;&#x438;&#x43A;&#x43E;-&#x445;&#x438;&#x43C;&#x438;&#x447;&#x435;&#x441;&#x43A;&#x438;&#x445; &#x441;&#x432;&#x43E;&#x439;&#x441;&#x442;&#x432; &#x43E;&#x440;&#x433;&#x430;&#x43D;&#x438;&#x437;&#x43C;&#x43E;&#x432; / &#x412;.&#x410;.&#x412;&#x430;&#x433;&#x43D;&#x435;&#x440;</subfield>
    <subfield code="a">&#x41F;&#x440;&#x43E;&#x433;&#x440;&#x435;&#x441;&#x441;&#x438;&#x432;&#x43D;&#x430;&#x44F; &#x44D;&#x432;&#x43E;&#x43B;&#x44E;&#x446;&#x438;&#x44F; &#x438; &#x440;&#x435;&#x433;&#x440;&#x435;&#x441;&#x441;]</subfield>
  </datafield>
  <datafield tag="461" ind1=" " ind2="1">
    <subfield code="1">001RU\NLR\A1SV\6450</subfield>
    <subfield code="1">2000#$a&#x41D;&#x43E;&#x432;&#x44B;&#x435; &#x438;&#x434;&#x435;&#x438; &#x432; &#x431;&#x438;&#x43E;&#x43B;&#x43E;&#x433;&#x438;&#x438;$e&#x41D;&#x435;&#x43F;&#x435;&#x440;&#x438;&#x43E;&#x434;. &#x438;&#x437;&#x434;.$f&#x412;&#x44B;&#x445;&#x43E;&#x434;. &#x43F;&#x43E;&#x434; &#x440;&#x435;&#x434;. &#x43F;&#x440;&#x43E;&#x444;. &#x412;.&#x410;.&#x412;&#x430;&#x433;&#x43D;&#x435;&#x440;&#x430; &#x438; &#x415;.&#x410;.&#x428;&#x443;&#x43B;&#x44C;&#x446;&#x430;$v&#x421;&#x431;.9</subfield>
    <subfield code="9">9739637</subfield>
    <subfield code="c">&#x41F;&#x433;.</subfield>
    <subfield code="d">1924-1925</subfield>
    <subfield code="f">&#x412;&#x44B;&#x445;&#x43E;&#x434;. &#x43F;&#x43E;&#x434; &#x440;&#x435;&#x434;. &#x43F;&#x440;&#x43E;&#x444;. &#x412;.&#x410;.&#x412;&#x430;&#x433;&#x43D;&#x435;&#x440;&#x430; &#x438; &#x415;.&#x410;.&#x428;&#x443;&#x43B;&#x44C;&#x446;&#x430;</subfield>
    <subfield code="n">&#x41E;&#x431;&#x440;&#x430;&#x437;&#x43E;&#x432;&#x430;&#x43D;&#x438;&#x435;</subfield>
    <subfield code="o">&#x41D;&#x435;&#x43F;&#x435;&#x440;&#x438;&#x43E;&#x434;. &#x438;&#x437;&#x434;.</subfield>
    <subfield code="t">&#x41D;&#x43E;&#x432;&#x44B;&#x435; &#x438;&#x434;&#x435;&#x438; &#x432; &#x431;&#x438;&#x43E;&#x43B;&#x43E;&#x433;&#x438;&#x438;</subfield>
    <subfield code="v">&#x421;&#x431;.9</subfield>
  </datafield>
  <datafield tag="702" ind1=" " ind2="1">
    <subfield code="7">ca</subfield>
    <subfield code="8">rus</subfield>
    <subfield code="a">&#x412;&#x430;&#x441;&#x438;&#x43B;&#x44C;&#x435;&#x432;</subfield>
    <subfield code="b">&#x41B;. &#x41B;.</subfield>
    <subfield code="c">&#x434;-&#x440; &#x431;&#x438;&#x43E;&#x43B;. &#x43D;&#x430;&#x443;&#x43A;</subfield>
    <subfield code="f">1891-1965</subfield>
    <subfield code="g">&#x41B;&#x435;&#x43E;&#x43D;&#x438;&#x434; &#x41B;&#x435;&#x43E;&#x43D;&#x438;&#x434;&#x43E;&#x432;&#x438;&#x447;</subfield>
    <subfield code="9">265801</subfield>
    <subfield code="3">RU\NLR\AUTH\770265857</subfield>
  </datafield>
  <datafield tag="702" ind1=" " ind2="1">
    <subfield code="a">&#x41D;&#x435;&#x43C;&#x438;&#x43B;&#x43E;&#x432;</subfield>
    <subfield code="b">&#x410;.&#x412;.</subfield>
    <subfield code="f">1879-1950</subfield>
    <subfield code="g">&#x410;&#x43D;&#x442;&#x43E;&#x43D; &#x412;&#x438;&#x442;&#x430;&#x43B;&#x44C;&#x435;&#x432;&#x438;&#x447;</subfield>
  </datafield>
  <datafield tag="702" ind1=" " ind2="1">
    <subfield code="a">&#x412;&#x430;&#x433;&#x43D;&#x435;&#x440;</subfield>
    <subfield code="b">&#x412;.&#x410;.</subfield>
    <subfield code="f">1849-1934</subfield>
    <subfield code="g">&#x412;&#x43B;&#x430;&#x434;&#x438;&#x43C;&#x438;&#x440; &#x410;&#x43B;&#x435;&#x43A;&#x441;&#x430;&#x43D;&#x434;&#x440;&#x43E;&#x432;&#x438;&#x447;</subfield>
  </datafield>
  <datafield tag="801" ind1=" " ind2="0">
    <subfield code="a">RU</subfield>
    <subfield code="b">NLR</subfield>
    <subfield code="c">20090612</subfield>
  </datafield>
  <datafield tag="852" ind1=" " ind2=" ">
    <subfield code="a">NLR</subfield>
  </datafield>
  <datafield tag="942" ind1=" " ind2=" ">
    <subfield code="c">BOOK</subfield>
  </datafield>
  <datafield tag="980" ind1=" " ind2=" ">
    <subfield code="a">A1SV</subfield>
  </datafield>
  <datafield tag="980" ind1=" " ind2=" ">
    <subfield code="a">NB</subfield>
  </datafield>
</record>
